00339nam a2200109Ia 4500008004100000041000800041082001700049100003200066245007200098260004000170300001900210241028s9999 xx 000 0 und d aeng a001.4226 CAM aCamm/ Cochran/ Fry/ Ohlmann aData Visualization: Exploring And Explaining With Data With Mindtap bCengage Learning IndiaaDehlic2022 a402;, P. 27 cm